000 00400nam a2200133Ia 4500
005 20260328104246.0
008 260328s9999||||xx |||||||||||||| ||und||
100 _aLeón Sierra, Diego
245 0 _aXXIII Bienal Colombiana de Arquitectura 2012 :
_b 50 Años de bienales /
_cDiego León Sierra
260 _bSociedad Colombiana de Arquitectos
300 _a383 p.
650 _aCOLOMBIA
942 _cBK
999 _c10069
_d10069